000 01468cam a2200229 4500
001 ##L131797
008 051208n2005 000 0 eng u
020 _a1845921909
035 _a(Sirsi) u131797
041 0 _aeng
050 _a336.24 $2 18
100 1 _aWilson, Martin
245 _aTottel's capital allowances
_btransactions and planning
_b2006-06
250 _a8th ed.
260 _aHayward's Heath
_bTottel
_c2005
300 _axviii, 379p.
_c23cm.
520 _aProvides guidance to the technical aspects of capital allowances and similar tax reliefs on property. Brings together the issues most relevant to individual transactions. Focuses on the corporate property transactions most often encountered in practice: construction of new buildings; purchase and sale of property; retail and industrial property; hire-purchasing and leasing; contaminated land; goodwill and intangibles; and overseas capital allowances and tax depreciation. Covers all the latest legislative developments, including the two 2005 Finance Acts and the Income Tax (Trading and Other Income) Act 2005. Additions to this edition include agricultural buildings allowance, the Private Finance Initiative (PFI), the Disability Discrimination Act, research and development, inducements offered to tenants and the interaction with stamp duty and Stamp Duty Land Tax (SDLT ).
590 _aIKA030106
690 _aPROPERTY-PROPERTY TAXATION
700 1 _aBone, S.
942 _n0
999 _c104841
_d104841